000 00509cam a22001814a 4500
005 20250605163446.0
008 250528s ||||||||||||||||||||||||d
035 _a19658
020 _a9707219465
040 _aGR-AtMCL
_bgre
_dGR-AtMCL
_eAACR2
245 1 _aMULTIMEDIA ΣΤΗ ΘΕΩΡΙΑ ΚΑΙ ΣΤΗΝ ΠΡΑΞΗ
250 _a2
260 _bΟμαδα Εργαστηριου Πολυμεσων Α.Π.Θ
_bΤζιολας,
_c1996
300 _a580
942 _cBK
999 _c4914
_d4914